Committee on Privileges, Lok Sabha, Reports (Record no. 388828)

000 -LEADER
fixed length control field 00538cam a22001337a 4500
008 - FIXED-LENGTH DATA ELEMENTS--GENERAL INFORMATION
fixed length control field 180718b-- xxu||||| |||| 00| 0 eng d
082 ## - DEWEY DECIMAL CLASSIFICATION NUMBER
Classification number B2o5a13
100 ## - MAIN ENTRY--PERSONAL NAME
Personal name India. Committee on Privileges
245 ## - TITLE STATEMENT
Title Committee on Privileges, Lok Sabha, Reports
Statement of responsibility, etc. by Lok Sabha Secretariat
260 ## - PUBLICATION, DISTRIBUTION, ETC.
Place of publication, distribution, etc. New Delhi
Name of publisher, distributor, etc. Lok Sabha Secretariat
Date of publication, distribution, etc. --
500 ## - GENERAL NOTE
General note Library has
650 ## - SUBJECT ADDED ENTRY--TOPICAL TERM
Topical term or geographic name entry element India. Constitution:India --Politics and government --1919-1947 --Periodicals:India --Politics and government --1947- --Periodicals
700 ## - ADDED ENTRY--PERSONAL NAME
Personal name India. Lok Sabha Secretariat
Holdings
Withdrawn status Lost status Damaged status Not for loan Permanent Location Current Location Date acquired Full call number Barcode Date last seen Price effective from Koha item type
        Indian Institute of Public Administration Indian Institute of Public Administration 1999-03-20 B2o5a13 5375 2018-07-21 2018-07-21 Book

Powered by Koha